000 00957cab a2200277 4500
001 ABS47810
008 090401t xxu||||| |||| 00| 0 eng d
035 _a(Sirsi) u63475
041 _aeng
100 _aO`Malley, K.
245 _aHouse inspection in the USA and Canada
260 _c11(3) Winter 1992/93, 252-257 (6)
350 _a0
490 _aStructural Survey
_v11(3) Winter 1992/93, 252-257 (6)
520 _aAn account of house inspection; an area which has recently come to prominence in the US but still requires proper training, standardisation, codes of practice addressing liability and clarification of insurance issues.
650 _aCODES OF PRACTICE
650 _aDISCLOSURE
650 _aCAREERS, EDUCATION AND TRAINING
650 _aHOUSE INSPECTIONS
650 _aHOUSE PURCHASE
650 _aInsurance
_96249
650 _aUSA
690 _aBUILT ENVIRONMENT-BUILDING INSPECTION
942 _n0
948 _c04/03/1997
999 _c39451
_d39451